000
00281nam a22001337a 4500
008
180129b xxu||||| |||| 00| 0 eng d
020
_a
509250001
041
_a
eng
080
_a
941
100
_a
16
101
_a
HIS
245
_a
Library Trenas
_c
Winger, H.W
942
_2
udc
_c
BK
999
_c
41188
_d
41188